000 01832nam a2200349 a 4500
003 CHAP
005 20230502171158.0
007 ta
008 230502s2017 sp db||fr|||| 001 0 spa d
020 _a978-84-96477-73-5
040 _amxchpua
_cCHAP
_erda
050 1 0 _aQA278
_b.B35 2017
082 0 0 _a519.535
_bB35 2017
_220
100 1 _9186873
_aBaillo Moreno, Amparo
_eautora
245 1 4 _a100 problemas resueltos de estadística multivariante (implementados en Matlab) /
_cAmparo Baillo Moreno y Aurea Grané Chávez
250 _a1a edición
264 _aEspaña :
_bDelta,
_c2017
300 _ax, 193 páginas :
_btablas, gráficas y mapas
336 _2rdacontent
_atexto
_btxt
337 _2rdamedia
_asin medio
_bn
338 _2rdacarrier
_avolumen
_bnc
504 _aBibliografía : página 186
520 2 _aEste libro pretende ser tanto un complemento y una ayuda detallada al estudiante, como una guía que inspire al docente y facilite la np siempre sencilla tarea de buscar conjuntos de datos didácticos e interesantes. La inclusión de programas detallados en MATLAB facilita al estudiante la interacción con esta herramienta tan versátil, llenando las lagunas informáticas en las que el profesor a menudo no tiene tiempo de detenerse. Este libro contribuye además a la formación práctica de un tipo de profesional cada vez más demandado por las empresas: técnicos con conocimientos de estadística capaces de implementar sus análisis en MATLAB.
650 1 3 _938241
_aEstadística
650 1 3 _9150245
_aMatemáticas y estadística
650 1 3 _9160482
_aAnálisis de multivarianza
650 1 3 _9144311
_aStatistics
650 1 3 _9150246
_aMathematics and statistics
650 1 3 _9154982
_aMultivariate analysis
700 1 _9186874
_aGrané Chávez, Aurea
_eautora
942 _2ddc
_cLibro
999 _c218655
_d218655